| 000 | 00958cam a22003011 4500 | ||
|---|---|---|---|
| 001 | 10291699 | ||
| 003 | ARRUPE | ||
| 005 | 20170125094739.0 | ||
| 008 | 720612s1959 nyu b 000 0 eng | ||
| 010 | _a 59006732 | ||
| 035 | _a(OCoLC)330150 | ||
| 040 |
_aDLC _cONowdM _dOCoLC _dDLC |
||
| 041 | 1 |
_aeng _hfre |
|
| 042 | _apremarc | ||
| 050 | 0 | 0 |
_aBR118 _b.C433 |
| 082 | _a201 | ||
| 100 | 1 |
_aChenu, Marie-Dominique, _d1895-1990. _92426 |
|
| 240 | 1 | 0 |
_aThéologie est-elle une science? _lEnglish |
| 245 | 1 | 0 |
_aIs theology a science? _cTranslated from the French by A. H. N. Green-Armytage. |
| 250 | _a[1st ed.] | ||
| 260 |
_aNew York, _bHawthorn Books _c[1959] |
||
| 300 |
_a126 p. _c21 cm. |
||
| 490 | 0 | _aThe Twentieth century encyclopedia of Catholicism, v. 2. Section I: Knowledge and faith | |
| 504 | _aIncludes bibliography. | ||
| 650 | 0 |
_aTheology. _928476 |
|
| 906 |
_a7 _bcbc _coclcrpl _du _encip _f19 _gy-gencatlg |
||
| 942 |
_2lcc _cMONOGRAPH |
||
| 999 |
_c126010 _d126010 |
||